Clic Quel requin existe ? - Statistiques

Statistiques générales
  • Ce quiz a été pris 187 fois
  • Le résultat moyen est 37 sur 60
Statistiques - réponses
Hint Réponse % Correct
Bouledogue EXISTE
96%
Baleine EXISTE
93%
Tigre EXISTE
92%
Marteau EXISTE
92%
Bleu EXISTE
90%
Citron EXISTE
86%
Taupe EXISTE
86%
Père Noël N'EXISTE PAS
86%
Cyclope N'EXISTE PAS
83%
Scie EXISTE
81%
Vert N'EXISTE PAS
81%
A pointes blanches EXISTE
79%
Corail EXISTE
79%
A pointes noires EXISTE
79%
Renard EXISTE
77%
A un oeil N'EXISTE PAS
76%
Lutin EXISTE
75%
Lucifer N'EXISTE PAS
72%
Plombé N'EXISTE PAS
72%
Long nez EXISTE
71%
Lézard EXISTE
68%
Boudeur N'EXISTE PAS
68%
Dormeur EXISTE
66%
De sable EXISTE
64%
Tapis EXISTE
64%
Aiguille EXISTE
63%
A nez pointu EXISTE
63%
A dents carrées N'EXISTE PAS
63%
Malais EXISTE
62%
Chagrin N'EXISTE PAS
62%
Dandy N'EXISTE PAS
62%
Carpette EXISTE
61%
Cochon N'EXISTE PAS
61%
Balai N'EXISTE PAS
59%
St Jacques N'EXISTE PAS
58%
Cousteau N'EXISTE PAS
57%
Chat EXISTE
55%
Lion N'EXISTE PAS
55%
Dragon N'EXISTE PAS
53%
Marqué N'EXISTE PAS
52%
Nez noir EXISTE
51%
Epée EXISTE
51%
Moine EXISTE
49%
Lancette EXISTE
49%
Verrier N'EXISTE PAS
49%
Chasseur EXISTE
48%
Vache EXISTE
48%
Maraicher N'EXISTE PAS
47%
Aveugle EXISTE
45%
Des estuaires N'EXISTE PAS
45%
A petites dents EXISTE
43%
Elégant EXISTE
42%
Doux N'EXISTE PAS
42%
Baleinier EXISTE
35%
Ocelot N'EXISTE PAS
35%
Caïman N'EXISTE PAS
33%
A joues blanches EXISTE
25%
A queue zébrée N'EXISTE PAS
24%
Sabre N'EXISTE PAS
24%
De nuit EXISTE
15%
Aucun quiz correspondant
Distribution des résultats
% des personnes avec chaque résultat
Percentile par nombre de réponses
Votre historique - résultats
Vous n’avez pas pris ce quiz